[Event "TCh-FRA Top 16 GpB 2023"]
[Site "Chartres FRA"]
[Date "2023.06.03"]
[Round "3.3"]
[Board "6"]
[White "Housieaux, David"]
[Black "Barbot, Pierre1"]
[Result "0-1"]
[WhiteTitle "IM"]
[BlackTitle "IM"]
[WhiteElo "2397"]
[BlackElo "2458"]
[WhiteTeam "THF - St Quentin"]
[BlackTeam "Grasse Echecs"]
[WhiteFideId "617938"]
[BlackFideId "663727"]
[EventDate "2023.06.01"]

1. d4 Nf6 2. c4 e6 3. Nf3 d5 4. g3 Bb4+ 5. Bd2 Be7 6. Bg2 O-O 7. O-O Nbd7 8. Qc2
Ne4 9. Ne1 Nxd2 10. Nxd2 c6 11. e4 dxe4 12. Nxe4 f5 13. Nc3 e5 14. d5 Qc7 15.
Nf3 e4 16. Nd4 Ne5 17. Rad1 Bc5 18. Nb3 Be7 19. c5 Bf6 20. Rfe1 Qf7 21. d6 Bd7
22. Nd4 Nd3 23. Rxd3 exd3 24. Qxd3 Rae8 25. Rxe8 Rxe8 26. f4 Bxd4+ 27. Qxd4 Qe6
28. Bf1 Qe3+ 29. Qxe3 Rxe3 30. Kf2 Re8 31. Bc4+ Kf8 32. b4 b6 33. Bb3 bxc5 34.
bxc5 Rb8 35. Ke3 Ke8 36. Ne2 Rb5 37. Kd4 a5 38. Nc1 a4 39. Bc2 Rb2 40. Kc3 a3
41. h4 Kd8 42. h5 Be6 43. Nd3 Rxa2 44. Nb4 Ra1 45. Nxc6+ Ke8 46. Nb4 Rc1 47. Kd2
a2 48. Ba4+ Bd7 49. Nxa2 Rxc5 50. Bb3 Rc6 51. Nc3 Rxd6+ 52. Ke3 Rh6 53. Bd1 Kf8
54. Kd4 Be8 55. Ke5 Bxh5 56. Bb3 Bg4 57. Na4 Rh3 58. Kd6 Rxg3 59. Bc4 Bh5 60.
Nc5 Bf7 61. Bb5 h5 62. Ke5 h4 63. Kxf5 h3 64. Ne4 Bg6+ 65. Ke5 0-1

[Event "TCh-FRA Top 16 GpB 2023"]
[Site "Chartres FRA"]
[Date "2023.06.03"]
[Round "3.3"]
[Board "7"]
[White "Sochacki, Christophe"]
[Black "Godart, Francois"]
[Result "1-0"]
[WhiteTitle "GM"]
[BlackTitle "IM"]
[WhiteElo "2450"]
[BlackElo "2387"]
[WhiteTeam "Grasse Echecs"]
[BlackTeam "THF - St Quentin"]
[WhiteFideId "662569"]
[BlackFideId "208078"]
[EventDate "2023.06.01"]

1. d4 d5 2. c4 e6 3. Nc3 c6 4. e4 dxe4 5. Nxe4 Bb4+ 6. Bd2 Qxd4 7. Bxb4 Qxe4+ 8.
Be2 Na6 9. Bd6 Qxg2 10. Qd3 e5 11. O-O-O Qg5+ 12. Rd2 Nf6 13. Nf3 Qf5 14. Nxe5
Qxd3 15. Bxd3 Be6 16. f4 Rd8 17. c5 Nb4 18. Bb1 g6 19. Re1 Nbd5 20. Rf2 Ne7 21.
Rfe2 Nf5 22. Bxf5 gxf5 23. Nxf7 Kxf7 24. Rxe6 Rhe8 25. Re7+ Rxe7 26. Rxe7+ Kg6
27. Rxb7 Ne4 28. Rc7 Nxd6 29. Rxc6 Kh5 30. Rxd6 Rc8 31. b4 Kg4 32. Rd4 Kh3 33.
Rd7 h5 34. Rxa7 Kxh2 35. Rh7 Kg3 36. Rxh5 Kxf4 37. Kc2 Kg4 38. Rh7 f4 39. Rg7+
Kf3 40. a4 Ke3 41. Re7+ Kd4 42. Rf7 Ke3 43. Re7+ Kd4 44. Kd2 Rb8 45. Rd7+ Kc4
46. c6 1-0

[Event "TCh-FRA Top 16 GpB 2023"]
[Site "Chartres FRA"]
[Date "2023.06.03"]
[Round "3.3"]
[Board "8"]
[White "Monpeurt, Cyrielle"]
[Black "Loiseau, Quentin"]
[Result "1/2-1/2"]
[WhiteTitle "WFM"]
[BlackTitle "IM"]
[WhiteElo "2147"]
[BlackElo "2464"]
[WhiteTeam "THF - St Quentin"]
[BlackTeam "Grasse Echecs"]
[WhiteFideId "677400"]
[BlackFideId "665274"]
[EventDate "2023.06.01"]

1. e4 e5 2. Nf3 Nc6 3. Nc3 Nf6 4. Bb5 Nd4 5. O-O Nxb5 6. Nxb5 c6 7. Nc3 d6 8. d4
Qc7 9. Bg5 Be7 10. a4 O-O 11. Qd3 Be6 12. Rfd1 Rad8 13. Rd2 h6 14. Bxf6 Bxf6 15.
d5 Bg4 16. a5 Bxf3 17. Qxf3 a6 18. Qd3 Bg5 19. Rdd1 c5 20. Ne2 Qd7 21. Ra3 Rc8
22. c4 Bd8 23. Rda1 Rb8 24. Rb3 g6 25. Raa3 Kg7 26. Qf3 Bg5 27. Rb6 Bd8 28. Rbb3
Kh7 29. Ng3 Bc7 30. Nf1 Qd8 31. Qc3 f5 32. exf5 gxf5 33. Qd2 Qg5 34. Qe2 Rg8 35.
Rg3 Qf6 36. Qh5 e4 37. Rxg8 Rxg8 38. Rb3 Rg5 39. Qe8 Qg7 40. Rg3 Bxa5 41. Rxg5
hxg5 42. Qh5+ Kg8 43. Qe8+ Kh7 44. Qh5+ Kg8 45. Qe8+ 1/2-1/2

[Event "TCh-FRA Top 16 GpB 2023"]
[Site "Chartres FRA"]
[Date "2023.06.03"]
[Round "3.4"]
[Board "1"]
[White "Bailet, Pierre"]
[Black "Saada, Julien"]
[Result "1/2-1/2"]
[WhiteTitle "GM"]
[BlackTitle "FM"]
[WhiteElo "2513"]
[BlackElo "2245"]
[WhiteTeam "Metz Fischer"]
[BlackTeam "Poitiers-Migne Echecs"]
[WhiteFideId "655830"]
[BlackFideId "625388"]
[EventDate "2023.06.01"]

1. e4 c6 2. Nf3 d5 3. exd5 cxd5 4. Ne5 Nf6 5. d4 g6 6. Bb5+ Nbd7 7. O-O Bg7 8.
Re1 O-O 9. Nf3 Ne4 10. c3 Ndf6 11. h3 Bf5 12. Bf4 Nd6 13. Bf1 Nfe4 14. Qb3 Rc8
15. Nbd2 Be6 16. Nxe4 dxe4 17. d5 Bxh3 18. gxh3 exf3 19. Re3 Qd7 20. Rae1 Nf5
21. Rxf3 Rfd8 22. Rd1 Rc5 23. Rfd3 b5 1/2-1/2

[Event "TCh-FRA Top 16 GpB 2023"]
[Site "Chartres FRA"]
[Date "2023.06.03"]
[Round "3.4"]
[Board "2"]
[White "Salles, Louis"]
[Black "Visakh, N R"]
[Result "0-1"]
[WhiteTitle "FM"]
[BlackTitle "GM"]
[WhiteElo "2295"]
[BlackElo "2542"]
[WhiteTeam "Poitiers-Migne Echecs"]
[BlackTeam "Metz Fischer"]
[WhiteFideId "20641826"]
[BlackFideId "25012223"]
[EventDate "2023.06.01"]

1. e4 c6 2. d4 d5 3. exd5 cxd5 4. c4 Nf6 5. Nc3 e6 6. Nf3 Bb4 7. cxd5 Nxd5 8.
Qc2 Nc6 9. Bd3 h6 10. O-O O-O 11. a3 Be7 12. Qe2 Re8 13. Rd1 Bf8 14. Qe4 g6 15.
Bc4 Bg7 16. Nxd5 exd5 17. Qxd5 Qf6 18. Bf1 Bg4 19. Rd3 Red8 20. Qa2 Bf5 21. Rc3
Be6 22. Bc4 Nxd4 23. Nxd4 Qxd4 24. h3 Qd1+ 25. Kh2 Bxc3 26. Bxe6 Qd6+ 27. g3
Qxe6 28. Qxe6 fxe6 29. bxc3 Rd1 30. Kg2 Rc8 31. Bb2 Rxa1 32. Bxa1 Rd8 33. Bb2
Rd2 34. Bc1 Rc2 35. Bxh6 Rxc3 0-1

[Event "TCh-FRA Top 16 GpB 2023"]
[Site "Chartres FRA"]
[Date "2023.06.03"]
[Round "3.4"]
[Board "3"]
[White "Ganguly, Surya Shekhar"]
[Black "Picard, Romain"]
[Result "1-0"]
[WhiteTitle "GM"]
[BlackTitle "IM"]
[WhiteElo "2587"]
[BlackElo "2301"]
[WhiteTeam "Metz Fischer"]
[BlackTeam "Poitiers-Migne Echecs"]
[WhiteFideId "5002150"]
[BlackFideId "627216"]
[EventDate "2023.06.01"]

1. e4 e6 2. d4 d5 3. Nd2 c5 4. Ngf3 cxd4 5. exd5 Qxd5 6. Bc4 Qd6 7. O-O Nf6 8.
Nb3 Nc6 9. Nbxd4 Nxd4 10. Nxd4 Be7 11. Nb5 Qxd1 12. Rxd1 O-O 13. Be3 b6 14. a4
Bb7 15. a5 Rfc8 16. a6 Bxa6 17. Rxa6 Rxc4 18. c3 Nd5 19. Bd4 Bf6 20. Rda1 Bxd4
21. Nxd4 g5 22. Rxa7 Rxa7 23. Rxa7 Rc7 24. Ra4 Kg7 25. g3 Kf6 26. Kf1 Ke5 27.
Ra8 Kf6 28. Ke2 Rd7 29. Rh8 Kg7 30. Rb8 Rd6 31. Nb5 Rc6 32. Kd3 1-0

[Event "TCh-FRA Top 16 GpB 2023"]
[Site "Chartres FRA"]
[Date "2023.06.03"]
[Round "3.4"]
[Board "4"]
[White "Lucas, Arthur"]
[Black "Postny, Evgeny"]
[Result "0-1"]
[WhiteTitle "IM"]
[BlackTitle "GM"]
[WhiteElo "2326"]
[BlackElo "2549"]
[WhiteTeam "Poitiers-Migne Echecs"]
[BlackTeam "Metz Fischer"]
[WhiteFideId "26093073"]
[BlackFideId "2804344"]
[EventDate "2023.06.01"]

1. e4 c6 2. Nf3 d5 3. d3 Qc7 4. g3 dxe4 5. dxe4 e5 6. Bg2 Nf6 7. Nbd2 Be6 8. O-O
Bc5 9. Qe1 h6 10. Nh4 O-O 11. Kh1 Bd6 12. Nf5 Bxf5 13. exf5 Nbd7 14. Ne4 Nxe4
15. Qxe4 Nf6 16. Qh4 Be7 17. f4 Rad8 18. fxe5 Qxe5 19. Bxh6 gxh6 20. Rae1 Qd6
21. Qxh6 Rfe8 22. Qg5+ Kh8 23. Rf4 Nh7 24. Qh5 Bg5 25. Rfe4 Rxe4 26. Bxe4 Re8
27. Rd1 Qe5 28. Bf3 Qxf5 29. h4 Qh3+ 0-1

[Event "TCh-FRA Top 16 GpB 2023"]
[Site "Chartres FRA"]
[Date "2023.06.03"]
[Round "3.4"]
[Board "5"]
[White "Lazarev, Vladimir"]
[Black "Lambert, Romain"]
[Result "1-0"]
[WhiteTitle "GM"]
[WhiteElo "2496"]
[BlackElo "2201"]
[WhiteTeam "Metz Fischer"]
[BlackTeam "Poitiers-Migne Echecs"]
[WhiteFideId "4113250"]
[BlackFideId "658111"]
[EventDate "2023.06.01"]

1. d4 Nf6 2. c4 e6 3. Nf3 d5 4. g3 Be7 5. Bg2 O-O 6. O-O dxc4 7. Qc2 c6 8. Qxc4
b5 9. Qc2 Bb7 10. Nc3 Nbd7 11. Rd1 Qb6 12. Be3 Nd5 13. Bg5 N7f6 14. Ne5 Rfd8 15.
Ne4 Nb4 16. Qb3 Rxd4 17. Bxf6 gxf6 18. Nd7 Rxd7 19. Rxd7 Nd5 20. Rxe7 Nxe7 21.
Nxf6+ Kh8 22. Qd3 Ng6 23. Rd1 c5 24. Qd7 Bxg2 25. Qxf7 Qb7 1-0

[Event "TCh-FRA Top 16 GpB 2023"]
[Site "Chartres FRA"]
[Date "2023.06.03"]
[Round "3.4"]
[Board "6"]
[White "Tranchant, Sebastien"]
[Black "Migot, Tangi"]
[Result "1/2-1/2"]
[WhiteTitle "FM"]
[BlackTitle "IM"]
[WhiteElo "2292"]
[BlackElo "2373"]
[WhiteTeam "Poitiers-Migne Echecs"]
[BlackTeam "Metz Fischer"]
[WhiteFideId "626732"]
[BlackFideId "662445"]
[EventDate "2023.06.01"]

1. d4 d5 2. c4 c6 3. Nf3 Nf6 4. Qb3 dxc4 5. Qxc4 Bf5 6. g3 e6 7. Bg2 Be7 8. O-O
O-O 9. e3 Nbd7 10. Rd1 Rc8 11. Qe2 Bg6 12. Nc3 b5 13. a3 a5 14. b3 Qb6 15. Nh4
Bh5 16. Bf3 Bxf3 17. Nxf3 Rfd8 18. Bb2 b4 19. axb4 axb4 20. Na4 Qb5 21. Qc2 Qd5
22. Nd2 Qh5 23. Kg2 c5 24. Nc4 cxd4 25. Bxd4 e5 26. Bb2 e4 27. Rd2 Qf3+ 28. Kg1
h5 29. Qd1 Qf5 30. Qe2 Qh3 31. Qf1 Qe6 32. Rad1 h4 33. Bxf6 Nxf6 34. Rxd8+ Rxd8
35. Rxd8+ Bxd8 36. Qd1 Bc7 37. Nc5 Qc8 38. Na4 Qh3 39. Qf1 Qg4 40. Nab2 Qf5 41.
Nd2 Bd6 42. Nbc4 Bc5 43. Qa1 Qg4 44. Kg2 h3+ 45. Kg1 Qe2 46. Qf1 Qh5 47. f3 Qg5
48. Qe2 Qf5 49. fxe4 Nxe4 50. Qf3 Qxf3 51. Nxf3 g5 52. g4 Kg7 53. Kf1 f5 54.
gxf5 Kf6 55. Ne1 Kxf5 56. Nd3 g4 57. Nc1 Nd6 58. Nd3 Nxc4 59. Nxc5 Nxe3+ 60. Kf2
Nd5 61. Kg3 Ne3 62. Kf2 Nd5 63. Kg3 Nf6 64. Nd3 Kg5 65. Kf2 Ne4+ 66. Kg1 Nd2 67.
Nxb4 Nxb3 68. Nd3 Nd4 69. Kf2 Kf5 70. Kg3 Nf3 71. Nf2 Nd2 72. Nxg4 Nf1+ 73. Kxh3
Nxh2 1/2-1/2

[Event "TCh-FRA Top 16 GpB 2023"]
[Site "Chartres FRA"]
[Date "2023.06.03"]
[Round "3.4"]
[Board "7"]
[White "Pucher, Olivier"]
[Black "Ladrat, Matthieu"]
[Result "1/2-1/2"]
[WhiteTitle "FM"]
[WhiteElo "2281"]
[BlackElo "2161"]
[WhiteTeam "Metz Fischer"]
[BlackTeam "Poitiers-Migne Echecs"]
[WhiteFideId "620203"]
[BlackFideId "618640"]
[EventDate "2023.06.01"]

1. c4 e6 2. Nf3 d5 3. e3 Nf6 4. Nc3 Bd6 5. b3 O-O 6. Bb2 c6 7. Qc2 Qe7 8. Be2
Nbd7 9. Rg1 a5 10. g4 Nc5 11. g5 Nfd7 12. d4 Na6 13. a3 dxc4 14. bxc4 e5 15. Ne4
Re8 16. Nf6+ Nxf6 17. gxf6 Qxf6 18. dxe5 Rxe5 19. Qc3 Nc5 20. Nxe5 Ne4 21. Ng4
Qxc3+ 22. Bxc3 Nxc3 23. Bd3 Kf8 24. f4 Be6 25. Nf2 Re8 26. Kd2 Na4 27. Ne4 Be7
28. Ng5 Bc8 29. Nxh7+ Kg8 30. Ng5 Nc5 31. Bc2 Rd8+ 32. Ke2 Rd6 33. Rad1 Rh6 34.
Rg2 b5 35. cxb5 cxb5 36. Ke1 Rc6 37. h4 b4 38. axb4 axb4 39. h5 b3 40. Bb1 Ba6
41. Rgd2 Kf8 42. Kf2 Rh6 43. Ne4 Rxh5 44. Rd5 Rxd5 45. Rxd5 Nxe4+ 46. Bxe4 Bb7
47. Rb5 Bxe4 48. Rb8+ Bd8 49. Rxd8+ Ke7 50. Rb8 Bc2 51. Rb6 Kd7 52. Ke2 Kc7 53.
Rb4 Kd6 54. Kd2 Ke6 55. Kc3 Kf5 56. Rb5+ Ke4 57. Kd2 Kf3 58. Rb7 f5 59. Rb4 Kf2
60. Rb5 Kf3 61. Rb7 Kf2 62. Rb6 Kf3 63. Rb7 Kf2 64. Rb8 Kf3 65. Rb7 Ke4 1/2-1/2

[Event "TCh-FRA Top 16 GpB 2023"]
[Site "Chartres FRA"]
[Date "2023.06.03"]
[Round "3.4"]
[Board "8"]
[White "Leriche, Ines"]
[Black "Schippke, Manon"]
[Result "0-1"]
[BlackTitle "WFM"]
[WhiteElo "1917"]
[BlackElo "2097"]
[WhiteTeam "Poitiers-Migne Echecs"]
[BlackTeam "Metz Fischer"]
[WhiteFideId "684090"]
[BlackFideId "45100446"]
[EventDate "2023.06.01"]

1. d4 Nf6 2. Nf3 g6 3. g3 Bg7 4. Bg2 O-O 5. O-O d6 6. b3 a5 7. Bb2 c6 8. Re1 d5
9. c4 a4 10. Nbd2 Bf5 11. Nh4 Bg4 12. h3 Be6 13. Qc2 Qb6 14. c5 Qc7 15. b4 Na6
16. a3 Qd7 17. Kh2 Nc7 18. Rad1 Nb5 19. Nhf3 Bf5 20. Qc1 h5 21. Ne5 Qc8 22. f3
Bh6 23. e4 dxe4 24. fxe4 Be6 25. Qc2 h4 26. Ndc4 hxg3+ 27. Kg1 Ra6 28. Bc1 Bxc1
29. Qxc1 Kg7 30. Nb6 Qc7 31. Re3 Nxd4 32. Nbc4 Rd8 33. Red3 Ne2+ 0-1

[Event "TCh-FRA Top 16 GpB 2023"]
[Site "Chartres FRA"]
[Date "2023.06.04"]
[Round "4.1"]
[Board "1"]
[White "Maghsoodloo, Parham"]
[Black "Tranchant, Sebastien"]
[Result "1-0"]
[WhiteTitle "GM"]
[BlackTitle "FM"]
[WhiteElo "2716"]
[BlackElo "2292"]
[WhiteTeam "Clichy Echecs 92"]
[BlackTeam "Poitiers-Migne Echecs"]
[WhiteFideId "12539929"]
[BlackFideId "626732"]
[EventDate "2023.06.01"]

1. d4 d5 2. c4 c6 3. Nf3 Nf6 4. e3 Bf5 5. Nc3 e6 6. Nh4 Bg6 7. Nxg6 hxg6 8. Bd2
Nbd7 9. Qc2 Be7 10. Rc1 a6 11. g3 Rc8 12. Qb3 Qc7 13. cxd5 exd5 14. Bg2 Nb6 15.
e4 dxe4 16. Nxe4 Nbd5 17. Nxf6+ Nxf6 18. d5 O-O 19. dxc6 bxc6 20. O-O c5 21. Qc4
Rfd8 22. Bc3 Qb6 23. Rfe1 Bf8 24. a4 Ne8 25. a5 Qa7 26. Bf1 Ra8 27. Be5 Nd6 28.
Qxc5 Qxc5 29. Rxc5 Nb7 30. Rc7 Nd6 31. Rd1 f6 32. Bc3 Re8 33. Bb4 Nb5 34. Bxb5
axb5 35. Bxf8 Kxf8 36. Rdd7 Rxa5 37. Rxg7 Re2 38. b4 Ra6 39. Rcf7+ Ke8 40. Rb7 1-0

[Event "TCh-FRA Top 16 GpB 2023"]
[Site "Chartres FRA"]
[Date "2023.06.04"]
[Round "4.1"]
[Board "2"]
[White "Salles, Louis"]
[Black "Delorme, Axel"]
[Result "1/2-1/2"]
[WhiteTitle "FM"]
[BlackTitle "GM"]
[WhiteElo "2295"]
[BlackElo "2483"]
[WhiteTeam "Poitiers-Migne Echecs"]
[BlackTeam "Clichy Echecs 92"]
[WhiteFideId "20641826"]
[BlackFideId "632023"]
[EventDate "2023.06.01"]

1. e4 c5 2. Nc3 e6 3. Nf3 Nc6 4. d4 cxd4 5. Nxd4 Nf6 6. Ndb5 Bb4 7. a3 Bxc3+ 8.
Nxc3 d5 9. exd5 exd5 10. Bd3 O-O 11. O-O d4 12. Ne2 h6 13. h3 Qb6 14. b4 Rd8 15.
Re1 Ne5 16. Bf4 Nxd3 17. Qxd3 Rd5 18. Ng3 Bd7 19. Rad1 Bb5 20. Qb3 Qc6 21. Be5
Ba4 22. Qf3 Bxc2 23. Rxd4 Re8 24. Rxd5 Nxd5 25. Bc3 Rxe1+ 26. Bxe1 Qc4 27. Kh2
Qd3 28. Qg4 Ne7 29. Qf4 Nf5 30. Nxf5 Qxf5 31. Qxf5 1/2-1/2

[Event "TCh-FRA Top 16 GpB 2023"]
[Site "Chartres FRA"]
[Date "2023.06.04"]
[Round "4.1"]
[Board "3"]
[White "Tregubov, Pavel V."]
[Black "Lucas, Arthur"]
[Result "1-0"]
[WhiteTitle "GM"]
[BlackTitle "IM"]
[WhiteElo "2553"]
[BlackElo "2326"]
[WhiteTeam "Clichy Echecs 92"]
[BlackTeam "Poitiers-Migne Echecs"]
[WhiteFideId "4115341"]
[BlackFideId "26093073"]
[EventDate "2023.06.01"]

1. e4 c5 2. Nf3 e6 3. c3 d5 4. e5 d4 5. d3 Nc6 6. g3 Nge7 7. Bg2 Ng6 8. Qe2 Qc7
9. Na3 Ncxe5 10. Nxe5 Qxe5 11. Be4 f5 12. Nc4 Qf6 13. Bf3 Be7 14. h4 O-O 15. h5
Nh8 16. cxd4 Qxd4 17. Be3 Qd8 18. O-O-O Nf7 19. d4 Qc7 20. Kb1 Bf6 21. d5 e5 22.
d6 Qd7 23. Bd5 Qb5 24. h6 g6 25. Bg5 Bh8 26. Rhe1 e4 27. f3 Bd7 28. fxe4 fxe4
29. Rf1 Bc6 30. Bxf7+ Rxf7 31. Rxf7 Kxf7 32. d7 Qa4 33. Qf1+ 1-0

[Event "TCh-FRA Top 16 GpB 2023"]
[Site "Chartres FRA"]
[Date "2023.06.04"]
[Round "4.1"]
[Board "4"]
[White "Saada, Julien"]
[Black "Hamdouchi, Hicham"]
[Result "0-1"]
[WhiteTitle "FM"]
[BlackTitle "GM"]
[WhiteElo "2245"]
[BlackElo "2526"]
[WhiteTeam "Poitiers-Migne Echecs"]
[BlackTeam "Clichy Echecs 92"]
[WhiteFideId "625388"]
[BlackFideId "9000011"]
[EventDate "2023.06.01"]

1. d4 Nf6 2. Bg5 c5 3. d5 Ne4 4. Bf4 e6 5. f3 Bd6 6. Bxd6 Nxd6 7. e4 b5 8. Nc3
b4 9. Nb5 Nxb5 10. Bxb5 Qh4+ 11. g3 Qf6 12. dxe6 fxe6 13. Qd6 Qe7 14. Qc7 Na6
15. Bxa6 Bxa6 16. O-O-O Bb5 17. Rd6 O-O 18. Qxc5 a5 19. e5 Bf1 20. Qf2 Bc4 21.
Nh3 Bxa2 22. Nf4 Rfc8 23. Rhd1 Rc7 24. Qd4 Rac8 25. Rd2 Bb3 26. Rxd7 Rxd7 27.
Qxd7 Rxc2+ 28. Kb1 Qxd7 29. Rxd7 Rxh2 30. Nd3 Rh1+ 31. Nc1 h5 32. f4 Rg1 33. Rd3
a4 34. Rf3 g6 35. Rd3 Kg7 0-1

[Event "TCh-FRA Top 16 GpB 2023"]
[Site "Chartres FRA"]
[Date "2023.06.04"]
[Round "4.1"]
[Board "5"]
[White "Libiszewski, Fabien"]
[Black "Klinova, Masha"]
[Result "1-0"]
[WhiteTitle "GM"]
[BlackTitle "IM"]
[WhiteElo "2498"]
[BlackElo "2252"]
[WhiteTeam "Clichy Echecs 92"]
[BlackTeam "Poitiers-Migne Echecs"]
[WhiteFideId "616834"]
[BlackFideId "2802015"]
[EventDate "2023.06.01"]

1. e4 d6 2. d4 Nf6 3. Nc3 e5 4. dxe5 dxe5 5. Qxd8+ Kxd8 6. Bc4 Ke8 7. f4 Bb4 8.
Bd3 Nc6 9. Nf3 Bg4 10. fxe5 Nd7 11. Bf4 Bxf3 12. gxf3 Ncxe5 13. Be2 f6 14. Bd2
c6 15. f4 Nf7 16. O-O-O Rd8 17. Rhg1 g6 18. Rg3 Kf8 19. h4 Kg7 20. h5 Rhe8 21.
hxg6 hxg6 22. Rdg1 Nf8 23. Bd3 Rd6 24. a3 Bc5 25. R1g2 b5 26. e5 fxe5 27. f5
Rxd3 28. cxd3 Bd4 29. Ne4 Rd8 30. fxg6 Nd6 31. Bh6+ Kxh6 32. g7 1-0

[Event "TCh-FRA Top 16 GpB 2023"]
[Site "Chartres FRA"]
[Date "2023.06.04"]
[Round "4.1"]
[Board "6"]
[White "Fougerit, Valentin"]
[Black "Sorbe, Stephane"]
[Result "1/2-1/2"]
[BlackTitle "FM"]
[WhiteElo "2191"]
[BlackElo "2324"]
[WhiteTeam "Poitiers-Migne Echecs"]
[BlackTeam "Clichy Echecs 92"]
[WhiteFideId "634670"]
[BlackFideId "617334"]
[EventDate "2023.06.01"]

1. e4 c6 2. d4 d5 3. Nd2 dxe4 4. Nxe4 Bf5 5. Ng3 Bg6 6. h4 h6 7. Nh3 Nf6 8. Bc4
e6 9. Nf4 Bh7 10. Be3 Nd5 11. Ngh5 Nd7 12. Qe2 Qe7 13. O-O-O O-O-O 14. Kb1 N7f6
15. Bc1 Nxh5 16. Nxh5 Rd7 17. Bb3 Qd8 18. Ka1 Rg8 19. c4 Nc7 20. Be3 Kb8 21. Nf4
Be7 22. Qf3 Bxh4 23. d5 cxd5 24. cxd5 e5 25. Ne2 Be7 26. Qxf7 Bf6 27. Qh5 Nxd5
28. Bc5 Qa5 29. Ba3 Rgd8 30. Qg4 e4 31. Nd4 Nc7 32. Nc6+ bxc6 33. Rxd7 Rxd7 34.
Qxd7 Qxa3 35. Qd2 Bf5 36. Rh5 Qc5 37. g4 g6 38. Rxh6 Bxg4 39. Rxg6 Qh5 40. Rg8+
Kb7 41. Qb4+ Nb5 42. a4 Qh1+ 43. Ka2 Qc1 44. Bd5 Be2 45. Rf8 a5 46. Qb3 Be7 47.
axb5 Bxf8 48. bxc6+ Kc7 49. Qb7+ Kd6 50. Qd7+ Kc5 51. c7 Bc4+ 52. Bxc4 Qxc4+ 53.
Kb1 Qf1+ 54. Kc2 Qc4+ 55. Kd1 Qf1+ 56. Kc2 Qc4+ 57. Kd2 Bh6+ 58. Ke1 Qc1+ 59.
Qd1 Bd2+ 60. Ke2 Qc4+ 61. Kxd2 Kb6 62. Qc2 1/2-1/2

[Event "TCh-FRA Top 16 GpB 2023"]
[Site "Chartres FRA"]
[Date "2023.06.04"]
[Round "4.1"]
[Board "7"]
[White "Macon, Arthur"]
[Black "Mariette, Lucas"]
[Result "1-0"]
[WhiteTitle "FM"]
[BlackTitle "FM"]
[WhiteElo "2340"]
[BlackElo "2284"]
[WhiteTeam "Clichy Echecs 92"]
[BlackTeam "Poitiers-Migne Echecs"]
[WhiteFideId "20654707"]
[BlackFideId "26056526"]
[EventDate "2023.06.01"]

1. Nf3 Nf6 2. g3 g6 3. Bg2 Bg7 4. O-O d5 5. d4 O-O 6. c4 dxc4 7. Na3 c3 8. bxc3
c5 9. Re1 Nc6 10. Bb2 Qb6 11. Nc4 Qa6 12. Nce5 Nxe5 13. Nxe5 Rd8 14. e4 Nd7 15.
Nf3 Nb6 16. Qb3 Be6 17. d5 Bd7 18. Bf1 Qa4 19. Rab1 c4 20. Qb4 Bg4 21. Qxa4 Nxa4
22. Nd4 Rac8 23. Ba1 Bxd4 24. cxd4 Rc7 25. Rb4 Nb6 26. Bc3 Bd7 27. Rc1 Rdc8 28.
Bd2 c3 29. Bf4 Na4 30. Bxc7 Rxc7 31. Bb5 Bxb5 32. Rxb5 a6 33. Rb4 b5 34. Kf1 Rb7
35. Ke2 a5 36. Rb3 b4 37. a3 Rb6 38. axb4 axb4 39. Kd3 Rb7 40. Rcb1 Nb2+ 41.
R1xb2 cxb2 42. Rxb2 Ra7 43. Kc4 Ra1 44. Kxb4 Rd1 45. Kc3 Rc1+ 46. Kd2 Rh1 47. h4
Ra1 48. Rb8+ Kg7 49. Re8 Ra7 50. Ke3 h5 51. e5 Rb7 52. Rd8 Rb3+ 53. Kf4 Rb2 54.
f3 Rd2 55. Ke3 Ra2 56. Re8 Ra7 57. g4 hxg4 58. fxg4 Rb7 59. Ke4 Rd7 60. g5 Ra7
61. d6 exd6 62. exd6 f5+ 63. Ke5 Ra5+ 64. Ke6 Ra6 65. Re7+ Kf8 66. Rf7+ Kg8 67.
Rf6 Kg7 68. Ke7 1-0

[Event "TCh-FRA Top 16 GpB 2023"]
[Site "Chartres FRA"]
[Date "2023.06.04"]
[Round "4.1"]
[Board "8"]
[White "Leriche, Ines"]
[Black "Broly, Mathilde"]
[Result "1/2-1/2"]
[BlackTitle "WFM"]
[WhiteElo "1917"]
[BlackElo "2113"]
[WhiteTeam "Poitiers-Migne Echecs"]
[BlackTeam "Clichy Echecs 92"]
[WhiteFideId "684090"]
[BlackFideId "20682794"]
[EventDate "2023.06.01"]

1. d4 Nf6 2. Nf3 g6 3. g3 Bg7 4. Bg2 O-O 5. O-O d6 6. b3 c5 7. Bb2 cxd4 8. Nxd4
d5 9. c4 dxc4 10. bxc4 Qb6 11. Qc1 Na6 12. Nd2 Nc5 13. N2b3 Nfd7 14. Rd1 a6 15.
Rb1 Re8 16. Ba3 Qc7 17. Bb4 Nxb3 18. axb3 Qb6 19. Bc3 e5 20. Nc2 Nf6 21. b4 Bf5
22. Rb2 Be4 23. c5 Qc7 24. f3 Bc6 25. e4 Rad8 26. Ne3 Bh6 27. Bd2 Ba4 28. Re1
Rd4 29. Nc4 Bxd2 30. Rxd2 Red8 31. Rxd4 Rxd4 32. Qc3 Nd7 33. Rc1 b6 34. Ne3 bxc5
35. bxc5 Nb8 36. Bf1 Kg7 37. Rb1 Nd7 38. Rc1 Qc6 39. Be2 Bb5 40. Kf2 Nf8 41. Nc2
Ne6 42. Nxd4 Nxd4 43. Bd3 Qe6 44. Bxb5 axb5 45. Qb2 Qh3 46. Rh1 Qc8 47. Qc3 Qe6
48. Ra1 Qh3 49. Rh1 Qe6 50. Ra1 Qh3 1/2-1/2

[Event "TCh-FRA Top 16 GpB 2023"]
[Site "Chartres FRA"]
[Date "2023.06.04"]
[Round "4.2"]
[Board "1"]
[White "Cheng, Bobby"]
[Black "Visakh, N R"]
[Result "1/2-1/2"]
[WhiteTitle "GM"]
[BlackTitle "GM"]
[WhiteElo "2560"]
[BlackElo "2542"]
[WhiteTeam "THF - St Quentin"]
[BlackTeam "Metz Fischer"]
[WhiteFideId "4300033"]
[BlackFideId "25012223"]
[EventDate "2023.06.01"]

1. d4 Nf6 2. c4 e6 3. Nf3 c5 4. d5 exd5 5. cxd5 d6 6. Nc3 g6 7. Bf4 Bg7 8. e3
O-O 9. h3 Na6 10. Bxa6 bxa6 11. Rc1 Rb8 12. b3 a5 13. O-O Re8 14. Re1 Nh5 15.
Bh2 f5 16. Nd2 Ba6 17. Nc4 Bxc4 18. bxc4 Qd7 19. Nb5 Be5 20. Bxe5 Rxe5 21. Rb1
Rf8 22. Nc3 Qe7 23. g3 Re8 24. Kf1 f4 25. gxf4 Nxf4 26. exf4 1/2-1/2